00717nam a22002057a 450000100060000000300090000600500170001500700060003200800450003802000130008304000220009624501540011826000340027230000260030694200120033294500270034495201040037195600210047599900150049600112DO-SdBNP20180306095041.000112160321b sp 1978 ||||| |||| 00| 0 spa d a84057098 aBPMSUbspacBPMSU aEncuentros en la tercera fase :bla increible historia del primer contacto físico entre los habitantes de la tierra y seres llegados de otros mundo aBarcelona :bBruguera,c1978. a48 p. :bil.,c30 cm. 2ddccBK aInventariado, 2018/MFF 00102ddc4070aBPMETbBPMETd2016-03-21eDonaciónl0pBPMSU16030222r2016-03-21w2016-03-21yBK aBrenda Tavárez c9339d9339